00663nam a2200157 a 450000100100000000500170001000800410002704000250006824501380009326000280023130000200025970000360027904900090031595201640032499900170048800003304220200930070006.0110808s1948 dr 000 0 spa d aDO-SdBNPbspacBNPHU00aVoces de ayer y de hoy :brecopilaciones, discursos, comentarios de prensa acerca de una labor trujillista /cLuis Tucidides Feliz F. aCiudad Trujillo,c1948. a38 p. ;c23 cm.1 aFeliz F., Luis Tucidides958741 aBNPD 001050718RVaPDbPDcCTd2011-08-08iLF1l0o p33042-10r2020-06-25w2020-06-25y1zPerteneció a la biblioteca personal de Martínez Boog.ZNo se presta c32533d32533